Ace Attorney - Nom des personnages en français - Statistiques

Statistiques générales
  • Ce quiz a été pris 36 fois
  • Le résultat moyen est 69 sur 212
Statistiques - réponses
Anglais Français % Correct
Mia Fey Mia Fey
96%
Phoenix Wright Phoenix Wright
96%
Larry Butz Paul Defès
93%
Dick Gumshoe Dick Tektiv
85%
Maya Fey Maya Fey
85%
Miles Edgeworth Benjamin Hunter
81%
The judge Le juge
78%
Manfred von Karma Manfred von Karma
70%
Redd White Redd White
70%
Dee Vasquez Dee Vasquez
67%
Ema Skye Ema Skye
67%
Lana Skye Lana Skye
67%
Misty Fey Misty Fey
67%
Yanni Yogi Yanni Yogi
67%
Acro Acro
63%
Cindy Stone Cindy Stone
63%
Wendy Oldbag Flavie Eïchouette
63%
Franziska von Karma Franziska von Karma
63%
Juan Corrida Juan Corrida
63%
Léon Léon
63%
Matt Engarde Matt Engarde
63%
Morgan Fey Morgan Fey
63%
Pearl Fey Pearl Fey
63%
Winston Payne Victor Boulay
63%
Ami Fey Ami Fey
59%
Dahlia Hawthorne Dahlia Plantule
59%
Frank Sahwit Frank Khavu
59%
Furio Tigre Furio Tigre
59%
Godot Godot
59%
Kristoph Gavin Kristoph Gavin
59%
Money Money
59%
Sal Manella Sal Monello
59%
Trucy Wright Vérité Wright
59%
Apollo Justice Apollo Justice
56%
Damon Gant Damien Gant
56%
Lotta Hart Eva Cozésouci
56%
Will Powers Gustavo Lonté
56%
Lamiroir Lamiroir
56%
Angel Starr Angélique Starr
52%
Athena Cykes Athena Cykes
52%
Shelly de Killer Bernick de Killer
52%
Guy Eldoon Guy Eldoon
52%
Iris Iris
52%
The Blue Badger Le lutin bleu
52%
April May Masha Vril
52%
Maximillion Galactica Maximilien Galactica
52%
Regina Berry Monique Hullere
52%
Polly Alice
48%
Alita Tiala Alita Tiala
48%
Bikini Bikini
48%
Gregory Edgeworth Henri Hunter
48%
Jack Hammer Jacques Hammer
48%
Maggey Byrde Maguy Loiseau
48%
Viola Cadaverini Violette Cadaverini
48%
Adrian Andrews Andréa Landry
44%
Bat Bate
44%
Mimi Miney Daisy Sperey
44%
Dustin Prince Dustin Prince
44%
Bellboy Groom
44%
Ron DeLite Henri Duplaisir
44%
Ini Miney Inès Sperey
44%
Klavier Gavin Konrad Gavin
44%
Luke Atmey Matt Moissat
44%
Olga Orly Olga Orly
44%
Pal Meraktis Paul Meraktis
44%
Richard Wellington Richard Wellington
44%
Marvin Grossberg Samuel Rosenberg
44%
Valerie Hawthorne Valérie Plantule
44%
Celeste Inpax Céleste Lavoute
41%
Desirée DeLite Désirée Duplaisir
41%
Robert Hammond Jean Durand
41%
Cody Hackins Kévin Miron
41%
Metis Cykes Metis Cykes
41%
Ora Shipley Paula
41%
Turner Grey Paul Afforme
41%
Romein LeTouse Romain LeTouse
41%
Victor Kudo Victor Kudo
41%
Trilo Quist Yvan Triloque
41%
Bruto Cadaverini Bruto Cadaverini
37%
Damian Tenma Damien Tenma
37%
Daryan Crescend Daryan Crescend
37%
Joe Darke Joe Sinister
37%
Kane Bullard Ken Bullard
37%
Russell Berry Loïc Hullere
37%
Hickfield/Hotti Sashoff/Chambouseux
37%
Zak Gramarye Zachary Grimoire
37%
Jake Marshall Alex Marshall
33%
Neil Marshall Fred Marshall
33%
Moe Frisé
33%
Doug Swallow Patrick Hauméot
33%
Terry Fawles Régis Florimet
33%
Rex Kyubi Rex Kyubi
33%
Dhurke Sahdmadhi Dhurke Sahdmadhi
30%
Spark Brushel Eddy Taurial
30%
Bruce Goodman Éric Lebon
30%
Eustace Winner Eustache Victor
30%
Phantom Fantôme
30%
Simon Blackquill Jack Lamenoire
30%
Drew Misham Joseph Monin
30%
Regent Kishik
30%
Lisa Basil Lisa Basil
30%
Jean Armstrong Luigi Labocca
30%
Magnifi Gramarye Melchior Grimoire
30%
Nahyuta Sahdmadhi Nahyuta Sahdmadhi
30%
Machi Tobaye Tomas Kashkash
30%
Vera Misham Vera Monin
30%
Valant Gramarye Virgil Grimoire
30%
Wocky Kitaki Willy Kitaki
30%
Yuri Cosmos Yuri Cosmos
30%
"Little" Plum Kitaki Aki Kitaki
26%
Amara Sigatar Khura'in Amara Sigatar Khura'in
26%
Aura Blackquill Aurore Lamenoire
26%
Mike Meekins Bill Ballaud
26%
Inga Karkhuul Khura'in/Inga Karkhuul Haw'kohd Dis'nahm Bi'ahni Lawga Ormo Pohmpus Da'nit Ar'edi Iz Khura'in III Inga Karkhuul Khura'in/Inga Karkhuul Kel Nomh Bowkhou Tro'lon Pohm'peu Eh'Dur Apronh Ons'ai Khura'in III
26%
Penny Nichols Iseult Rosentz
26%
Glen Elg Marc Ram
26%
Orla Shipley Pauli
26%
Rayfa Padma Khura'in Rayfa Padma Khura'in
26%
Bodhidharma Kanis Bodhidharma Kanis
22%
Di-Jun Wang Di-Jun Wang
22%
Wesley Stickler Edgar Tatillon
22%
Ernest Amano Ernesto Amano
22%
Excelsius Winner Excelsius Victor
22%
Florence Niedler Florence Niedler
22%
Ga'ran Sigatar Khura'in Ga'ran Sigatar Khura'in
22%
Gaspen Payne Gaspard Boulay
22%
Bobby Fulbright Justin Brillant
22%
Verity Gavèlle Justine Delcour
22%
Winfred "Big Wins" Kitaki Ken Kitaki
22%
Bronco Knight Lucas Valier
22%
Benjamin Woodman Michael Heurtarive
22%
Clay Terran Pierre Terrian
22%
Quercus Alba Quercus Alba
22%
Samson Tangaroa Samson Tangaroa
22%
Shi-Long Lang Shi-Long Lang
22%
Ahlbi Ur'gaid Sou Ih'vel Guihd
22%
Simeon Saint Adémar Mouset
19%
Ted Tonate Alex Plausif
19%
Kay Faraday Cléa Faradet
19%
Eddie Fender Freddie Lapointe
19%
Hilda Hertz Hilda Hertz
19%
Rosie Ringer Jessica Pulet
19%
Ka-Shi Nou Ka-Shi Nou
19%
Florent L'Belle Louis Lebelle
19%
Juniper Woods Marguerite Dubois
19%
Fifi Laguarde Marilou Lagarde
19%
Roger Retinz Richard Laudienz
19%
Rocco Carcerato Rocco Carcerato
19%
Zinc Lablanc II Zinc Lablanc II
19%
Sasha Buckler Anne Bator
15%
Phineas Filch Arsène Loupet
15%
Hugh O'Conner Arthur Larcher
15%
Bastian Rook Bastien Latour
15%
Robin Newman Camille Bongars
15%
Ellen Wyatt Claire Colombe
15%
Colias Palaeno Colias Palaeno
15%
Candice Arme Elsa Coffré
15%
Jack Shipley Émile Sabord
15%
Aristotle Means Félicio Fallacius
15%
Tyrell Badd Gontran Baud
15%
Pierce Nichody Henri Goureux
15%
Solomon Starbuck Icare Solo
15%
Jacques Portsman Jacky Bertin
15%
Marlon Rimes Karim Duflot
15%
Jinxie Tenma Malveina Tenma
15%
Rifle Parasite
15%
Alf Aldown Raymond Taigu
15%
Calisto Yew Anise Terrie
11%
Bonny de Famme Annah de Femme
11%
Archie Buff Archie Déterre
11%
Armie Buff Armie Déterre
11%
Artie Frost Arthur Sérac
11%
Byrne Faraday Bertrand Faradet
11%
Bucky Whet César Azin
11%
Constance Courte Constance Delacour
11%
Myriam Scuttlebutt Cosette Lafouine
11%
Puhray Zeh'lot Fer'van Puri'heur
11%
Tahrust Inmee Fieh'vua Mo'ah
11%
Betty de Famme Hanna de Femme
11%
Shaun Fenn Jean Maraud
11%
Buddy Faith Jérémie Loyal
11%
Norma DePlume Julia Vernie
11%
Lauren Paups Laura Béguin
11%
Manov Mistree Lenny Mattik
11%
Judy Bound Lisette Mescène
11%
Mack Rell Lou Bard
11%
Deid Mann Mac Abbey
11%
Manny Coachen Manu Cochin
11%
Azura Summers Marine Désiles
11%
Paul Atishon-Wimperson Paul Hiticare-Verreut
11%
Beh'leeb Inmee Phri'ey Pur Mo'ah
11%
Sniper Pustule
11%
Datz Are'bal Rev Ol'uhsio
11%
Taifu Toneido Taifu Torunado
11%
Geiru Toneido Uraga Torunado
11%
Delicia Scone Adelle Lissious
7%
Tabby Lloyd Agathe Papié
7%
Akbey Hicks Akbard Hicks
7%
Lance Amano Alistair Amano
7%
Ponco Amie-tron
7%
Herman Crab Anthony Doisot
7%
Clonco Calami-tron
7%
Dumas Gloomsbury Claude Vagalame
7%
Colin Devorae Colin Devois
7%
Sorin Sprocket Florent Hélix
7%
Selena Sprocket Lucie Hélix
7%
Cammy Meele Mélissa Gélino
7%
Paht Rohl Paht Rhouye
7%
Carmelo Gusto Rafaello Gusto
7%
Rhoda Teneiro Rosa Lapalis
7%
Uendo Toneido Saikuro Torunado
7%
Pees'lubn Andistan'dhin Sterh'uey Tu'heiven
7%
Aucun quiz correspondant
Distribution des résultats
% des personnes avec chaque résultat
Percentile par nombre de réponses
Votre historique - résultats
Vous n’avez pas pris ce quiz